000 00766nam a2200301Ia 4500
001 11113
005 20240113235256.0
007 ta
008 050809s1991 g b000 u ben u
040 _aCotton College,Assam
041 _aben
082 _a891.413
_bRa13 Ja
100 _aRaychaudhury, Subir.
245 0 _aJagadish Guptar Galpa /
_cSubir Raychaudhury.
_hTextual Documents
250 _a3rd ed. /
260 _aCalcutta :
_bDeys Publishing ,
_c1991.
300 _a280p. ;
_c22cm.
653 _aBengali Fiction
653 _aBengali Literature
653 _aG-Bengali
653 _aMS-Bengali
942 _2ddc
_cBK
999 _c11100
_d11100